[Event "DVM U10 2023"]
[Site "Magdeburg GER"]
[Date "2023.12.29"]
[Round "6"]
[White "Faisz, David"]
[Black "Filimonovs, Timotheus"]
[Result "1-0"]
[Termination "normal"]
[Board "15.3"]
[WhiteElo "1112"]
[BlackElo "1060"]
[WhiteClock "00:38:21"]
[BlackClock "00:32:58"]
[WhiteTeam "SK 1926 Ettlingen"]
[BlackTeam "Schachzwerge Magdeburg"]
[PlyCount "59"]
[WhiteFideId "34650989"]
[BlackFideId "34644547"]
[EventCountry "GER"]
[EventRounds "7"]
[EventType "team-swiss"]
[EventDate "2023.12.27"]

1. e4 {[%clk 00:55:07]} {[%emt 00:00:02]} e5 {[%clk 00:55:02]} {[%emt
00:00:08]} 2. Nc3 {[%clk 00:55:08]} {[%emt 00:00:04]} Nf6 {[%clk 00:54:59]}
{[%emt 00:00:09]} 3. f4 {[%clk 00:55:07]} {[%emt 00:00:05]} d5 {[%clk
00:53:48]} {[%emt 00:01:16]} 4. exd5 {[%clk 00:54:16]} {[%emt 00:00:56]} Nxd5
{[%clk 00:53:44]} {[%emt 00:00:09]} 5. fxe5 {[%clk 00:54:04]} {[%emt 00:00:18]}
Bc5 {[%clk 00:53:00]} {[%emt 00:00:45]} 6. d4 {[%clk 00:53:53]} {[%emt
00:00:20]} Nxc3 {[%clk 00:52:25]} {[%emt 00:00:40]} 7. bxc3 {[%clk 00:50:47]}
{[%emt 00:03:10]} Bb6 {[%clk 00:52:10]} {[%emt 00:00:21]} 8. Bc4 {[%clk
00:50:37]} {[%emt 00:00:15]} O-O {[%clk 00:51:56]} {[%emt 00:00:18]} 9. Nf3
{[%clk 00:50:31]} {[%emt 00:00:12]} Bg4 {[%clk 00:51:53]} {[%emt 00:00:08]} 10.
O-O {[%clk 00:50:25]} {[%emt 00:00:11]} Nc6 {[%clk 00:51:25]} {[%emt 00:00:32]}
11. Bf4 {[%clk 00:50:08]} {[%emt 00:00:22]} Ba5 {[%clk 00:50:49]} {[%emt
00:00:42]} 12. Qd2 {[%clk 00:49:41]} {[%emt 00:00:32]} Bxf3 {[%clk 00:48:52]}
{[%emt 00:02:01]} 13. Rxf3 {[%clk 00:48:59]} {[%emt 00:00:47]} Bb6 {[%clk
00:46:57]} {[%emt 00:02:00]} 14. Kh1 {[%emt 00:02:31]} Qd7 {[%clk 00:44:37]}
{[%emt 00:00:32]} 15. Rg3 {[%clk 00:48:06]} {[%emt 00:00:25]} g6 {[%clk
00:43:53]} {[%emt 00:00:49]} 16. Bh6 {[%clk 00:47:58]} {[%emt 00:00:14]} Rfd8
{[%clk 00:43:31]} {[%emt 00:00:25]} 17. Qf2 {[%clk 00:47:51]} {[%emt 00:00:14]}
Nxd4 {[%clk 00:42:39]} {[%emt 00:00:56]} 18. Qf6 {[%clk 00:47:25]} {[%emt
00:00:32]} Nf5 {[%clk 00:41:40]} {[%emt 00:01:00]} 19. Rh3 {[%clk 00:46:47]}
{[%emt 00:00:46]} Qd1+ {[%clk 00:41:21]} {[%emt 00:00:23]} 20. Bf1 {[%clk
00:46:02]} {[%emt 00:00:51]} Qxa1 {[%clk 00:40:31]} {[%emt 00:00:55]} 21. Rf3
{[%clk 00:45:10]} {[%emt 00:00:57]} Nxh6 {[%clk 00:39:42]} {[%emt 00:00:53]}
22. g4 {[%clk 00:44:08]} {[%emt 00:01:08]} Rd7 {[%clk 00:38:32]} {[%emt
00:00:58]} 23. e6 {[%clk 00:42:44]} {[%emt 00:01:47]} fxe6 {[%clk 00:37:59]}
{[%emt 00:00:38]} 24. Qxe6+ {[%clk 00:42:41]} {[%emt 00:00:08]} Rf7 {[%clk
00:37:40]} {[%emt 00:00:23]} 25. g5 {[%clk 00:42:37]} {[%emt 00:00:10]} Raf8
{[%clk 00:37:23]} {[%emt 00:00:22]} 26. gxh6 {[%clk 00:42:26]} {[%emt
00:00:15]} Qc1 {[%clk 00:36:33]} {[%emt 00:00:55]} 27. Rxf7 {[%clk 00:42:00]}
{[%emt 00:00:31]} Qxh6 {[%clk 00:34:17]} {[%emt 00:02:21]} 28. Rxf8+ {[%clk
00:38:32]} {[%emt 00:03:33]} Kxf8 {[%clk 00:33:09]} {[%emt 00:01:14]} 29. Qf6+
{[%clk 00:38:32]} {[%emt 00:00:05]} Kg8 {[%clk 00:32:58]} {[%emt 00:00:15]} 30.
Bc4# {[%clk 00:38:21]} {[%emt 00:00:11]} 1-0

[Event "DVM U10 2023"]
[Site "Magdeburg GER"]
[Date "2023.12.29"]
[Round "6"]
[White "Heidepriem, Jamie"]
[Black "Tadic, Lena"]
[Result "1-0"]
[Termination "normal"]
[Board "15.4"]
[WhiteElo "990"]
[BlackElo "776"]
[WhiteClock "00:43:21"]
[BlackClock "00:42:59"]
[WhiteTeam "Schachzwerge Magdeburg"]
[BlackTeam "SK 1926 Ettlingen"]
[PlyCount "91"]
[BlackFideId "34687300"]
[EventCountry "GER"]
[EventRounds "7"]
[EventType "team-swiss"]
[EventDate "2023.12.27"]

1. e4 {[%emt 00:00:03]} c6 {[%clk 00:55:02]} {[%emt 00:00:07]} 2. Nf3 {[%clk
00:55:03]} {[%emt 00:00:10]} d5 {[%clk 00:54:55]} {[%emt 00:00:13]} 3. exd5
{[%clk 00:54:55]} {[%emt 00:00:11]} cxd5 {[%clk 00:54:41]} {[%emt 00:00:19]} 4.
Nc3 {[%clk 00:54:53]} {[%emt 00:00:08]} Nf6 {[%clk 00:54:42]} {[%emt 00:00:04]}
5. d4 {[%clk 00:54:50]} {[%emt 00:00:08]} Bg4 {[%clk 00:54:31]} {[%emt
00:00:15]} 6. Be2 {[%clk 00:54:45]} {[%emt 00:00:11]} Nc6 {[%clk 00:54:24]}
{[%emt 00:00:12]} 7. Bg5 {[%clk 00:54:39]} {[%emt 00:00:10]} e6 {[%clk
00:54:15]} {[%emt 00:00:15]} 8. Qd3 {[%clk 00:54:04]} {[%emt 00:00:39]} Nb4
{[%clk 00:53:49]} {[%emt 00:00:32]} 9. Qd2 {[%clk 00:53:56]} {[%emt 00:00:11]}
Bd6 {[%clk 00:53:43]} {[%emt 00:00:13]} 10. O-O-O {[%clk 00:53:53]} {[%emt
00:00:08]} O-O {[%clk 00:53:33]} {[%emt 00:00:14]} 11. h3 {[%clk 00:53:45]}
{[%emt 00:00:14]} Bf5 {[%clk 00:52:50]} {[%emt 00:00:48]} 12. a3 {[%clk
00:52:08]} {[%emt 00:01:43]} Nc6 {[%clk 00:52:29]} {[%emt 00:00:26]} 13. Bd3
{[%clk 00:50:46]} {[%emt 00:01:26]} Bxd3 {[%clk 00:52:11]} {[%emt 00:00:23]}
14. Qxd3 {[%clk 00:50:40]} {[%emt 00:00:10]} h6 {[%clk 00:52:06]} {[%emt
00:00:11]} 15. Be3 {[%clk 00:50:18]} {[%emt 00:00:27]} Qb6 {[%clk 00:51:28]}
{[%emt 00:00:43]} 16. Nh4 {[%clk 00:48:37]} {[%emt 00:01:43]} Rad8 {[%clk
00:49:51]} {[%emt 00:01:45]} 17. g4 {[%clk 00:47:52]} {[%emt 00:00:49]} Rfe8
{[%clk 00:48:49]} {[%emt 00:01:08]} 18. Nf3 {[%clk 00:47:28]} {[%emt 00:00:28]}
e5 {[%clk 00:48:09]} {[%emt 00:00:46]} 19. dxe5 {[%clk 00:47:16]} {[%emt
00:00:17]} Bxe5 {[%clk 00:47:57]} {[%emt 00:00:17]} 20. Bxb6 {[%clk 00:47:13]}
{[%emt 00:00:08]} axb6 {[%clk 00:47:48]} {[%emt 00:00:14]} 21. Nxe5 {[%clk
00:47:13]} {[%emt 00:00:04]} Nxe5 {[%clk 00:47:42]} {[%emt 00:00:12]} 22. Qe3
{[%clk 00:46:43]} {[%emt 00:00:35]} Nexg4 {[%clk 00:47:08]} {[%emt 00:00:39]}
23. Qxb6 {[%emt 00:00:10]} Nd7 {[%emt 00:00:46]} 24. Qxb7 {[%clk 00:45:42]}
{[%emt 00:00:11]} Nxf2 {[%clk 00:47:02]} {[%emt 00:00:10]} 25. Rde1 {[%clk
00:45:38]} {[%emt 00:00:09]} Nxh1 {[%clk 00:46:56]} {[%emt 00:00:11]} 26. Rxe8+
{[%clk 00:45:36]} {[%emt 00:00:07]} Rxe8 {[%clk 00:46:50]} {[%emt 00:00:10]}
27. Qxd7 {[%clk 00:45:33]} {[%emt 00:00:08]} Re1+ {[%clk 00:46:20]} {[%emt
00:00:36]} 28. Kd2 {[%clk 00:45:33]} {[%emt 00:00:05]} Rg1 {[%clk 00:45:48]}
{[%emt 00:00:36]} 29. Qxd5 {[%clk 00:45:20]} {[%emt 00:00:18]} g5 {[%clk
00:45:32]} {[%emt 00:00:22]} 30. Ne2 {[%clk 00:45:17]} {[%emt 00:00:09]} Ra1
{[%clk 00:45:19]} {[%emt 00:00:16]} 31. Qd8+ {[%clk 00:45:11]} {[%emt
00:00:11]} Kg7 {[%clk 00:44:58]} {[%emt 00:00:26]} 32. b4 {[%clk 00:44:50]}
{[%emt 00:00:27]} Rxa3 {[%clk 00:44:50]} {[%emt 00:00:12]} 33. b5 {[%clk
00:44:41]} {[%emt 00:00:14]} Ra4 {[%clk 00:44:31]} {[%emt 00:00:24]} 34. b6
{[%clk 00:44:35]} {[%emt 00:00:12]} Rb4 {[%clk 00:44:29]} {[%emt 00:00:07]} 35.
Qc7 {[%clk 00:44:25]} {[%emt 00:00:15]} Kf6 {[%clk 00:44:18]} {[%emt 00:00:15]}
36. Qc3+ {[%clk 00:44:24]} {[%emt 00:00:07]} Ke6 {[%clk 00:44:04]} {[%emt
00:00:19]} 37. Qxb4 {[%clk 00:44:19]} {[%emt 00:00:10]} Kd7 {[%clk 00:43:56]}
{[%emt 00:00:13]} 38. b7 {[%clk 00:44:15]} {[%emt 00:00:09]} Ke6 {[%clk
00:43:49]} {[%emt 00:00:12]} 39. b8=Q {[%clk 00:44:09]} {[%emt 00:00:09]} Ng3
{[%clk 00:43:43]} {[%emt 00:00:12]} 40. Qxg3 {[%clk 00:43:55]} {[%emt
00:00:19]} Kf6 {[%clk 00:43:35]} {[%emt 00:00:14]} 41. Qbd6+ {[%clk 00:43:47]}
{[%emt 00:00:12]} Kg7 {[%clk 00:43:27]} {[%emt 00:00:13]} 42. Qge5+ {[%clk
00:43:43]} {[%emt 00:00:09]} f6 {[%clk 00:43:23]} {[%emt 00:00:09]} 43. Qf5
{[%clk 00:43:41]} {[%emt 00:00:08]} Kf7 {[%clk 00:43:06]} {[%emt 00:00:21]} 44.
Qdd7+ {[%clk 00:43:33]} {[%emt 00:00:13]} Kg8 {[%clk 00:43:03]} {[%emt
00:00:09]} 45. Qfh7+ {[%clk 00:43:22]} {[%emt 00:00:16]} Kf8 {[%clk 00:42:59]}
{[%emt 00:00:09]} 46. Qdf7# {[%clk 00:43:21]} {[%emt 00:00:06]} 1-0

[Event "DVM U10 2023"]
[Site "Magdeburg GER"]
[Date "2023.12.29"]
[Round "6"]
[White "Rauschel, Marten"]
[Black "Ziem, Ole"]
[Result "0-1"]
[Termination "normal"]
[Board "16.1"]
[WhiteElo "1039"]
[BlackElo "1391"]
[WhiteClock "00:37:48"]
[BlackClock "00:40:58"]
[WhiteTeam "SC Aurich"]
[BlackTeam "USC Magdeburg"]
[PlyCount "60"]
[WhiteFideId "34640010"]
[BlackFideId "34624791"]
[EventCountry "GER"]
[EventRounds "7"]
[EventType "team-swiss"]
[EventDate "2023.12.27"]

1. d4 {[%clk 00:55:07]} {[%emt 00:00:02]} Nf6 {[%clk 00:55:02]} {[%emt
00:00:09]} 2. Nf3 {[%clk 00:55:04]} {[%emt 00:00:07]} g6 {[%clk 00:54:53]}
{[%emt 00:00:14]} 3. e3 {[%clk 00:54:53]} {[%emt 00:00:16]} Bg7 {[%clk
00:54:45]} {[%emt 00:00:13]} 4. c4 {[%clk 00:54:53]} {[%emt 00:00:06]} O-O
{[%clk 00:54:40]} {[%emt 00:00:09]} 5. Nc3 {[%clk 00:54:43]} {[%emt 00:00:15]}
d6 {[%clk 00:54:39]} {[%emt 00:00:07]} 6. Be2 {[%clk 00:54:40]} {[%emt
00:00:07]} Nbd7 {[%clk 00:54:09]} {[%emt 00:00:36]} 7. b3 {[%clk 00:52:59]}
{[%emt 00:01:46]} c5 {[%clk 00:53:36]} {[%emt 00:00:38]} 8. O-O {[%clk
00:51:55]} {[%emt 00:01:09]} b6 {[%clk 00:52:53]} {[%emt 00:00:48]} 9. a4
{[%clk 00:50:57]} {[%emt 00:01:03]} Bb7 {[%clk 00:52:30]} {[%emt 00:00:28]} 10.
d5 {[%clk 00:49:44]} {[%emt 00:01:18]} Ne4 {[%clk 00:51:51]} {[%emt 00:00:44]}
11. Nxe4 {[%clk 00:46:03]} {[%emt 00:03:46]} Bxa1 {[%clk 00:51:40]} {[%emt
00:00:16]} 12. Qd2 {[%clk 00:45:56]} {[%emt 00:00:08]} Bg7 {[%clk 00:51:35]}
{[%emt 00:00:13]} 13. Bb2 {[%clk 00:45:52]} {[%emt 00:00:09]} f5 {[%clk
00:46:49]} {[%emt 00:04:51]} 14. Bxg7 {[%clk 00:44:52]} {[%emt 00:01:06]} fxe4
{[%clk 00:43:35]} {[%emt 00:03:19]} 15. Bxf8 {[%clk 00:44:49]} {[%emt
00:00:07]} exf3 {[%clk 00:43:34]} {[%emt 00:00:06]} 16. Qb2 {[%clk 00:44:17]}
{[%emt 00:00:36]} Qxf8 {[%clk 00:43:29]} {[%emt 00:00:12]} 17. Bxf3 {[%clk
00:44:14]} {[%emt 00:00:08]} Ne5 {[%clk 00:43:16]} {[%emt 00:00:18]} 18. Be2
{[%clk 00:43:35]} {[%emt 00:00:41]} Qf6 {[%clk 00:41:58]} {[%emt 00:01:25]} 19.
f4 {[%clk 00:41:56]} {[%emt 00:01:41]} Nf3+ {[%clk 00:41:36]} {[%emt 00:00:30]}
20. Bxf3 {[%clk 00:41:26]} {[%emt 00:00:35]} Qxb2 {[%clk 00:41:33]} {[%emt
00:00:08]} 21. Bg4 {[%clk 00:41:19]} {[%emt 00:00:12]} Qxb3 {[%clk 00:41:28]}
{[%emt 00:00:11]} 22. Be6+ {[%clk 00:40:58]} {[%emt 00:00:26]} Kg7 {[%clk
00:41:24]} {[%emt 00:00:09]} 23. f5 {[%clk 00:40:49]} {[%emt 00:00:12]} Qxe3+
{[%clk 00:41:21]} {[%emt 00:00:09]} 24. Kh1 {[%clk 00:40:43]} {[%emt 00:00:10]}
gxf5 {[%clk 00:41:13]} {[%emt 00:00:15]} 25. Bxf5 {[%clk 00:40:33]} {[%emt
00:00:15]} Rf8 {[%clk 00:41:14]} {[%emt 00:00:04]} 26. Bd3 {[%clk 00:39:08]}
{[%emt 00:01:30]} Qxd3 {[%clk 00:41:12]} {[%emt 00:00:07]} 27. h3 {[%clk
00:38:57]} {[%emt 00:00:15]} Rxf1+ {[%clk 00:41:01]} 28. Kh2 {[%clk 00:38:56]}
{[%emt 00:00:22]} Qxc4 {[%clk 00:40:58]} {[%emt 00:00:09]} 29. a5 {[%clk
00:37:54]} {[%emt 00:01:07]} Qf4+ {[%clk 00:40:58]} {[%emt 00:00:05]} 30. g3
{[%clk 00:37:48]} {[%emt 00:00:11]} Qf2# {[%clk 00:40:58]} {[%emt 00:00:05]}
0-1

[Event "DVM U10 2023"]
[Site "Magdeburg GER"]
[Date "2023.12.29"]
[Round "6"]
[White "Tran, Gia Huy"]
[Black "Meyer, Lönne"]
[Result "0-1"]
[Termination "normal"]
[Board "16.2"]
[WhiteElo "1200"]
[BlackElo "1057"]
[WhiteClock "00:00:09"]
[BlackClock "00:27:05"]
[WhiteTeam "USC Magdeburg"]
[BlackTeam "SC Aurich"]
[PlyCount "68"]
[WhiteFideId "34624813"]
[BlackFideId "34674241"]
[EventCountry "GER"]
[EventRounds "7"]
[EventType "team-swiss"]
[EventDate "2023.12.27"]

1. e4 {[%clk 00:55:08]} {[%emt 00:00:01]} c5 {[%clk 00:55:01]} {[%emt
00:00:09]} 2. Nf3 {[%clk 00:54:56]} {[%emt 00:00:18]} Nc6 {[%clk 00:54:54]}
{[%emt 00:00:12]} 3. d4 {[%clk 00:54:43]} {[%emt 00:00:17]} cxd4 {[%clk
00:54:38]} {[%emt 00:00:22]} 4. Nxd4 {[%clk 00:54:32]} {[%emt 00:00:16]} g6
{[%clk 00:54:32]} {[%emt 00:00:10]} 5. Nc3 {[%clk 00:53:49]} {[%emt 00:00:49]}
Bg7 {[%clk 00:54:22]} {[%emt 00:00:13]} 6. Be3 {[%clk 00:52:47]} {[%emt
00:01:08]} Nf6 {[%clk 00:54:09]} {[%emt 00:00:19]} 7. f3 {[%clk 00:52:13]}
{[%emt 00:00:38]} d6 {[%clk 00:53:18]} {[%emt 00:00:55]} 8. Bc4 {[%clk
00:50:08]} {[%emt 00:02:12]} O-O {[%clk 00:51:49]} {[%emt 00:01:33]} 9. Qd2
{[%clk 00:49:14]} {[%emt 00:00:59]} Bd7 {[%clk 00:50:39]} {[%emt 00:01:15]} 10.
O-O-O {[%clk 00:47:40]} {[%emt 00:01:39]} a6 {[%clk 00:50:05]} {[%emt
00:00:40]} 11. Bh6 {[%clk 00:46:41]} {[%emt 00:01:04]} b5 {[%clk 00:48:31]}
{[%emt 00:01:39]} 12. Bb3 {[%clk 00:45:25]} {[%emt 00:01:21]} Rb8 {[%clk
00:47:34]} {[%emt 00:01:02]} 13. h4 {[%clk 00:42:33]} {[%emt 00:02:57]} Ne5
{[%clk 00:46:05]} {[%emt 00:01:33]} 14. Rdg1 {[%clk 00:36:06]} {[%emt
00:06:33]} a5 {[%clk 00:41:03]} {[%emt 00:05:06]} 15. a3 {[%clk 00:33:18]}
{[%emt 00:02:53]} b4 {[%clk 00:40:15]} {[%emt 00:00:54]} 16. axb4 {[%clk
00:31:19]} {[%emt 00:02:04]} axb4 {[%clk 00:40:07]} {[%emt 00:00:12]} 17. Nd5
{[%clk 00:29:15]} {[%emt 00:02:09]} Nxd5 {[%clk 00:40:00]} {[%emt 00:00:12]}
18. Bxd5 {[%clk 00:28:19]} {[%emt 00:01:01]} e6 {[%clk 00:38:24]} {[%emt
00:01:40]} 19. Bb3 {[%clk 00:27:38]} {[%emt 00:00:48]} Ra8 {[%clk 00:38:14]}
{[%emt 00:00:14]} 20. Qe3 {[%clk 00:24:54]} {[%emt 00:02:50]} Qa5 {[%clk
00:35:40]} {[%emt 00:02:37]} 21. g4 {[%clk 00:18:51]} {[%emt 00:03:20]} Qa1+
{[%clk 00:35:05]} {[%emt 00:03:31]} 22. Kd2 {[%clk 00:17:53]} {[%emt 00:01:02]}
Qxb2 {[%clk 00:34:46]} {[%emt 00:00:23]} 23. Ne2 {[%clk 00:15:51]} {[%emt
00:02:08]} Rac8 {[%clk 00:34:18]} {[%emt 00:00:31]} 24. Ke1 {[%clk 00:11:47]}
{[%emt 00:04:11]} Nc4 {[%clk 00:33:18]} {[%emt 00:01:04]} 25. Bxc4 {[%clk
00:10:56]} {[%emt 00:00:57]} Rxc4 {[%clk 00:33:10]} {[%emt 00:00:12]} 26. h5
{[%clk 00:10:34]} {[%emt 00:00:28]} Bxh6 {[%clk 00:32:35]} {[%emt 00:00:39]}
27. Qxh6 {[%clk 00:10:18]} {[%emt 00:00:22]} Rxc2 {[%clk 00:32:33]} {[%emt
00:00:07]} 28. Rh2 {[%clk 00:08:54]} {[%emt 00:01:29]} Bb5 {[%clk 00:31:33]}
{[%emt 00:01:03]} 29. Qe3 {[%clk 00:05:39]} {[%emt 00:03:22]} Rfc8 {[%clk
00:29:24]} {[%emt 00:02:13]} 30. hxg6 {[%clk 00:03:27]} {[%emt 00:02:17]} fxg6
{[%clk 00:29:04]} {[%emt 00:00:24]} 31. Rgh1 {[%clk 00:02:24]} {[%emt
00:01:10]} b3 {[%clk 00:27:19]} {[%emt 00:01:50]} 32. f4 {[%clk 00:01:34]}
{[%emt 00:00:55]} Ra8 {[%clk 00:27:16]} {[%emt 00:00:07]} 33. Nd4 {[%clk
00:00:16]} {[%emt 00:01:23]} Qa1+ {[%clk 00:27:07]} {[%emt 00:00:13]} 34. Qc1
{[%clk 00:00:09]} {[%emt 00:00:13]} Qxc1# {[%clk 00:27:05]} {[%emt 00:00:07]}
0-1

[Event "DVM U10 2023"]
[Site "Magdeburg GER"]
[Date "2023.12.29"]
[Round "6"]
[White "Wilting, Oskar"]
[Black "Michalak, Albert"]
[Result "1-0"]
[Termination "normal"]
[Board "16.3"]
[WhiteElo "1161"]
[BlackElo "740"]
[WhiteClock "00:04:18"]
[BlackClock "00:11:02"]
[WhiteTeam "SC Aurich"]
[BlackTeam "USC Magdeburg"]
[PlyCount "101"]
[WhiteFideId "34640053"]
[EventCountry "GER"]
[EventRounds "7"]
[EventType "team-swiss"]
[EventDate "2023.12.27"]

1. d4 {[%clk 00:55:07]} {[%emt 00:00:02]} d5 {[%clk 00:54:59]} {[%emt
00:00:11]} 2. Nc3 {[%clk 00:55:04]} {[%emt 00:00:08]} Nf6 {[%clk 00:54:27]}
{[%emt 00:00:37]} 3. Bf4 {[%clk 00:54:58]} {[%emt 00:00:11]} Bf5 {[%clk
00:54:09]} {[%emt 00:00:24]} 4. f3 {[%clk 00:54:40]} {[%emt 00:00:22]} e5
{[%clk 00:49:54]} {[%emt 00:04:22]} 5. Bxe5 {[%clk 00:51:52]} {[%emt 00:02:52]}
Nfd7 {[%clk 00:48:56]} {[%emt 00:01:02]} 6. Nxd5 {[%clk 00:48:52]} {[%emt
00:03:05]} Nxe5 {[%clk 00:47:57]} {[%emt 00:01:04]} 7. dxe5 {[%clk 00:48:36]}
{[%emt 00:00:20]} c6 {[%emt 00:01:11]} 8. Nc3 {[%clk 00:46:23]} {[%emt
00:02:16]} Qa5 {[%clk 00:46:02]} {[%emt 00:00:54]} 9. e4 {[%clk 00:33:21]}
{[%emt 00:13:11]} Qxe5 {[%clk 00:43:34]} {[%emt 00:02:32]} 10. f4 {[%clk
00:32:21]} {[%emt 00:01:05]} Qa5 {[%clk 00:41:46]} {[%emt 00:01:50]} 11. exf5
{[%clk 00:31:22]} {[%emt 00:01:07]} Bc5 {[%clk 00:40:53]} {[%emt 00:00:54]} 12.
a3 {[%clk 00:24:26]} {[%emt 00:07:06]} Be3 {[%clk 00:39:50]} {[%emt 00:01:04]}
13. Qe2 {[%clk 00:16:24]} {[%emt 00:08:09]} Qb6 {[%clk 00:39:00]} {[%emt
00:00:57]} 14. Nd1 {[%clk 00:14:33]} {[%emt 00:01:55]} f6 {[%clk 00:37:06]}
{[%emt 00:01:59]} 15. Qxe3+ {[%clk 00:14:21]} {[%emt 00:00:17]} Qxe3+ {[%clk
00:36:48]} {[%emt 00:00:23]} 16. Nxe3 {[%clk 00:14:09]} {[%emt 00:00:18]} O-O
{[%clk 00:36:18]} {[%emt 00:00:35]} 17. O-O-O {[%clk 00:14:06]} {[%emt
00:00:08]} Nd7 {[%clk 00:35:53]} {[%emt 00:00:30]} 18. Rxd7 {[%clk 00:13:57]}
{[%emt 00:00:13]} Rfe8 {[%clk 00:34:53]} {[%emt 00:00:31]} 19. Bc4+ {[%clk
00:13:55]} {[%emt 00:00:42]} Kf8 {[%clk 00:33:21]} {[%emt 00:01:36]} 20. Rf7+
{[%clk 00:13:09]} {[%emt 00:00:51]} Kg8 {[%clk 00:33:01]} {[%emt 00:00:25]} 21.
Re7+ {[%clk 00:12:34]} {[%emt 00:00:40]} Kf8 {[%clk 00:31:28]} {[%emt
00:01:38]} 22. Rxe8+ {[%clk 00:12:23]} {[%emt 00:00:16]} Rxe8 {[%clk 00:31:09]}
{[%emt 00:00:24]} 23. Be6 {[%clk 00:11:18]} {[%emt 00:01:10]} Rd8 {[%emt
00:00:45]} 24. Nf3 {[%emt 00:00:20]} Rb8 {[%emt 00:03:05]} 25. Rd1 {[%emt
00:00:22]} Ke8 {[%clk 00:25:42]} {[%emt 00:00:58]} 26. Rd7 {[%clk 00:10:36]}
{[%emt 00:00:49]} h5 {[%clk 00:25:02]} {[%emt 00:00:36]} 27. Rxg7 {[%clk
00:10:31]} {[%emt 00:00:19]} b5 {[%clk 00:24:08]} {[%emt 00:00:59]} 28. Rg8+
{[%clk 00:10:04]} {[%emt 00:00:32]} Ke7 {[%clk 00:23:33]} {[%emt 00:00:40]} 29.
Rxb8 {[%clk 00:09:50]} {[%emt 00:00:19]} a6 {[%clk 00:23:23]} {[%emt 00:00:16]}
30. Rb6 {[%clk 00:09:45]} {[%emt 00:00:09]} Kd6 {[%clk 00:20:36]} {[%emt
00:02:49]} 31. Rxa6 {[%clk 00:09:37]} {[%emt 00:00:15]} Kc5 {[%clk 00:20:15]}
{[%emt 00:00:24]} 32. Bf7 {[%clk 00:09:17]} {[%emt 00:00:27]} b4 {[%clk
00:19:51]} {[%emt 00:00:30]} 33. axb4+ {[%clk 00:09:06]} {[%emt 00:00:16]} Kb5
{[%clk 00:19:24]} {[%emt 00:00:06]} 34. Ra8 {[%clk 00:08:17]} {[%emt 00:01:21]}
Kxb4 {[%clk 00:19:08]} {[%emt 00:00:21]} 35. Rd8 {[%clk 00:07:36]} {[%emt
00:00:44]} c5 {[%clk 00:18:20]} {[%emt 00:00:26]} 36. Nf1 {[%clk 00:07:38]}
{[%emt 00:00:31]} h4 {[%clk 00:17:05]} {[%emt 00:01:20]} 37. Nxh4 {[%clk
00:07:31]} {[%emt 00:00:12]} Kb5 {[%clk 00:16:32]} {[%emt 00:00:35]} 38. Nf3
{[%clk 00:07:28]} {[%emt 00:00:10]} Kc6 {[%clk 00:16:05]} {[%emt 00:00:33]} 39.
h4 {[%clk 00:07:18]} {[%emt 00:00:14]} Kc7 {[%clk 00:15:54]} {[%emt 00:00:15]}
40. Rd5 {[%clk 00:07:09]} {[%emt 00:00:16]} Kc6 {[%clk 00:15:50]} {[%emt
00:00:10]} 41. h5 {[%clk 00:07:02]} {[%emt 00:00:11]} Kb5 {[%clk 00:15:19]}
{[%emt 00:00:37]} 42. h6 {[%clk 00:06:55]} {[%emt 00:00:11]} Kc4 {[%clk
00:15:09]} {[%emt 00:00:16]} 43. Rd8+ {[%clk 00:06:46]} {[%emt 00:00:13]} Kb5
{[%clk 00:14:59]} {[%emt 00:00:15]} 44. h7 {[%emt 00:01:30]} Kb4 {[%clk
00:13:38]} {[%emt 00:00:06]} 45. h8=Q {[%clk 00:06:34]} {[%emt 00:00:12]} Kb5
{[%clk 00:13:01]} {[%emt 00:00:43]} 46. Qe8+ {[%clk 00:06:01]} {[%emt
00:00:37]} Kb6 {[%clk 00:12:39]} {[%emt 00:00:28]} 47. Qe3 {[%clk 00:05:32]}
{[%emt 00:00:33]} Kb5 {[%clk 00:12:13]} {[%emt 00:00:31]} 48. Qb3+ {[%clk
00:05:09]} {[%emt 00:00:27]} Kc6 {[%clk 00:11:57]} {[%emt 00:00:23]} 49. Qd5+
{[%clk 00:04:27]} {[%emt 00:00:46]} Kb5 {[%clk 00:11:42]} {[%emt 00:00:20]} 50.
Rb8+ {[%clk 00:04:24]} {[%emt 00:00:08]} Ka4 {[%clk 00:11:02]} {[%emt
00:00:45]} 51. Qa8# {[%clk 00:04:18]} {[%emt 00:00:06]} 1-0